| 000 | 00000cam 2200000zi 4500 |
| 001 | 9.949814 |
| 003 | CaOODSP |
| 005 | 20251208143059 |
| 006 | m o d f |
| 007 | cr cn||||||||| |
| 008 | 250404r20252025onca ob f000 0 fre d |
| 020 | |a9780660768281 |
| 040 | |aCaOODSP|bfre|erda|cCaOODSP |
| 043 | |an-cn--- |
| 086 | 1 |aP29-182-001-2025F-PDF |
| 245 | 00|aExigences relatives à l'inflammabilité et à l'étiquetage des tentes. |
| 250 | |a[Édition d'avril 2025]. |
| 264 | 1|aOttawa (Ontario) Canada : |bOffice des normes générales du Canada : |bConseil canadien des normes, |c2025. |
| 264 | 4|c©2025 |
| 300 | |a1 ressource en ligne ([5], 27 pages) : |billustrations. |
| 336 | |atexte|btxt|2rdacontent/fre |
| 337 | |ainformatique|bc|2rdamedia/fre |
| 338 | |aressource en ligne|bcr|2rdacarrier/fre |
| 490 | 1 |aNorme nationale du Canada ; |vCAN/CGSB-182.1-2025 |
| 500 | |a« Publiée, avril 2025. » |
| 500 | |a« Rectificatif no. 1, décembre 2025. » |
| 500 | |a« Remplace CAN/CGSB-182.1-2020, Rectificatif no 1, juin 2024. » |
| 500 | |aPublié aussi en anglais sous le titre: Flammability and labelling requirements for tents. |
| 504 | |aComprend des références bibliographiques. |
| 520 | |a« La présente norme s'applique aux tentes destinées aux consommateurs et à un usage extérieur (y compris les tentes destinées à être utilisées à l'intérieur et à l'extérieur), telles que les tentes de camping, les tentes de randonnée, les tentes suspendues, les tipis, les tentes pour enfants, les tentes-roulottes, les tentes de pêche sous la glace, les abris pour repas, les abris solaires et les abris moustiquaires » -- Objet, page 1. |
| 650 | 6|aTentes|xIncendies et prévention des incendies|xNormes|zCanada. |
| 650 | 6|aTextiles et tissus|xEssais de comportement au feu |xNormes|zCanada . |
| 650 | 6|aTentes|xÉtiquetage|xNormes|zCanada. |
| 710 | 2 |aOffice des normes générales du Canada, |eorganisme de publication. |
| 710 | 2 |aConseil canadien des normes, |eorganisme de publication. |
| 775 | 08|tFlammability and labelling requirements for tents.|w(CaOODSP)9.949812 |
| 795 | |tExigences relatives à l'inflammabilité et à l'étiquetage des tentes.|b[Édition d'avril 2020]|w(CaOODSP)9.885672 |
| 830 | #0|aNorme nationale du Canada ;|vno 182.1-2025.|w(CaOODSP)9.504227 |
| 856 | 40|qPDF|s1.45 Mo|uhttps://publications.gc.ca/collections/collection_2025/ongc-cgsb/P29-182-001-2025-fra.pdf|zRectificatif no. 1, décembre 2025 |